A kelták, és hatásuk az ír kultúrára

Elmentve itt :
Bibliográfiai részletek
Szerző: Mihály Krisztina
További közreműködők: Demcsák Katalin (Témavezető)
Dokumentumtípus: Szakdolgozat
Megjelent: 2011
Tárgyszavak:
Online Access:http://diploma.bibl.u-szeged.hu/107294
LEADER 00718nta a2200193 i 4500
001 dipl107294
005 20210219154530.0
008 210219s2011 hu om 0|| zxx d
040 |a SZTE Diploma Repozitórium  |b hun 
041 |a zxx 
100 1 |a Mihály Krisztina 
245 1 2 |a A kelták, és hatásuk az ír kultúrára  |h [elektronikus dokumentum] /  |c Krisztina Mihály 
246 1 0 |a The celts and their effect on the Irish culture  |h [elektronikus dokumentum] 
260 |c 2011 
650 4 |a Pedagógusképzés 
650 4 |a Social sciences 
650 4 |a Social and economic geography 
700 1 |a Demcsák Katalin  |e ths 
856 4 0 |u http://diploma.bibl.u-szeged.hu/id/eprint/107294/1/2011_mihaly_krisztina.pdf  |z Dokumentum-elérés